Bytové hospodaření ve Spolkové republice Německo

Na minha lista:
Detalhes bibliográficos
Formato: Livro
Idioma:tcheco
Publicado em: Praha Ústřední ústav národohospodářského výzkumu 1992
Edição:1. vyd.
Colecção:Studijně rozborové a informační materiály
Assuntos:
Tags: Adicionar Tag
Sem tags, seja o primeiro a adicionar uma tag!

MARC

LEADER 00000nam a2200000 4500
001 c005509
005 20221206082955.0
041 0 |a cze 
044 |a CZ 
245 1 0 |a Bytové hospodaření ve Spolkové republice Německo 
250 |a 1. vyd. 
264 1 |a Praha  |b Ústřední ústav národohospodářského výzkumu  |c 1992 
300 |a 176 s. 
490 1 |a Studijně rozborové a informační materiály 
830 0 |a Studijně rozborové a informační materiály 
610 2 0 |a hospodárstvo bytové 
610 2 0 |a Nemecko 
610 2 0 |a legislatíva 
610 2 0 |a nájomné